000 01147nam a22003377a 4500
003 CHAP
005 20220329134649.0
008 971013s1971 r 00010 d
010 _a23858
011 _a24830
035 _a28930
040 _cCHAP
090 _aFolleto 8436
110 _aComisión Nacional de Fruticultura. México
_925772
245 _aTextos que la crearon
260 _aMéxico, D. F. :
_b(s.e.),
_c1971
300 _apág. var.
490 _aComisión Nacional de Fruticultura. México. Publicación especial
_v; 1
590 _aBATCH-UPD
_b10
_c20130110
_lUCH01
_h0026
590 _aBATCH-UPD
_b10
_c20130110
_lUCH01
_h1904
590 _aBATCH-UPD
_b10
_c20130409
_lUCH01
_h2007
590 _aBATCH-UPD
_b10
_c20130410
_lUCH01
_h1232
590 _aBATCH-UPD
_b10
_c20130914
_lUCH01
_h1017
590 _aCONVERSION
_b10
_c20130109
_lUCH01
_h1314
650 1 4 _aFruticultura
_xLeyes.
_943733
650 1 4 _aFruticultura
_zMéxico.
_943762
830 0 _aComisión Nacional de Fruticultura. México. Publicación especial
_v; 1
_925778
901 _aBK
942 _cFOLL
949 _aFolleto 8436
_bBC
_cFOLL
_d-66884
_eTS1
_i28930
_mD
_si
999 _c23858
_d23858